书目信息 |
| 题名: |
微型计算机在书刊情报资料工作中的应用
|
|
| 作者: | 龚国伟 著 | |
| 分册: | ||
| 出版信息: | 武汉 湖北科学技术出版社 1984 |
|
| 页数: | 210页 | |
| 开本: | 19cm | |
| 丛书名: | ||
| 单 册: | ||
| 中图分类: | G250.7 | |
| 科图分类: | ||
| 主题词: | 情报工作--自动化 , 图书馆学 , 图书馆事业 | |
| 电子资源: | ||
| ISBN: | ||
| 000 | 00757nam0 2200265 45 | |
| 001 | 0184004992 | |
| 005 | 20040426145624.5 | |
| 010 | @dCNY1.30 | |
| 091 | @a15304.72 | |
| 100 | @a19950509d1984 em y0chiy0121 ea | |
| 101 | 0 | @achi |
| 102 | @aCN@b420000 | |
| 105 | @ay z 000yy | |
| 106 | @ar | |
| 200 | 10 | @a微型计算机在书刊情报资料工作中的应用@Awei xing ji suan ji zai shu kan qing bao zi liao gong zuo zhong de ying yong@f龚国伟著 |
| 210 | @a武汉@c湖北科学技术出版社@d1984 | |
| 215 | @a210页@d19cm | |
| 606 | @a情报工作@x自动化 | |
| 606 | 0 | @a图书馆学 |
| 606 | 0 | @a图书馆事业 |
| 690 | @aG250.7 | |
| 701 | 0 | @a龚国伟@Agong guo wei@4著 |
| 801 | 0 | @aCN@b上海图书馆@c20040426 |
| 801 | 2 | @aCN@bNLC@c20040426 |
| 905 | @f2@b256557-558@dG250.7@e55 | |
| 微型计算机在书刊情报资料工作中的应用/龚国伟著.-武汉:湖北科学技术出版社,1984 |
| 210页;19cm |
| ISBN :CNY1.30 |
| ● |
| 相关链接 |
|
|
|
|
正题名:微型计算机在书刊情报资料工作中的应用
索取号:G250.7/55
 
预约/预借
| 序号 | 登录号 | 条形码 | 馆藏地/架位号 | 状态 | 备注 |
| 1 | 0256557 | 000500461 | 密集书库/ [索取号:G250.7/55] | 在馆 | |
| 2 | 0256558 | 000500470 | 密集书库/ [索取号:G250.7/55] | 在馆 | |
| 3 | 0256559 | 000500489 | 第一样本阅览室/ [索取号:G250.7/55] | 在馆 |